| 000 | 00000nam##2200000za#4500 |
| 001 | 9.577473 |
| 003 | CaOODSP |
| 005 | 20210624185628 |
| 007 | cr ||||||||||| |
| 008 | 150406|2007||||xxc|||||o f|0| 0 eng|d |
| 040 | |aCaOODSP|beng |
| 043 | |an-cn--- |
| 086 | 1 |aFs97-13/1197E-PDF |
| 110 | 1 |aCanada. |bDepartment of Fisheries and Oceans. |
| 245 | 10|aBiological data of Arctic char, Salvelinus alpinus, from Lake Hazen, Quttinirpaaq National Park, Nunavut, 1958-2001 / |h[electronic resource]|c[by] J.A. Babaluk ... [et al.] |
| 260 | |aWinnipeg - Manitoba : |bFisheries and Oceans Canada |c2007. |
| 300 | |a106p.|breferences, tables |
| 490 | 1 |aCanadian data report of fisheries and aquatic sciences|vNo. 1197 |
| 500 | |aOn t.p.: Central and Arctic Region, Winnipeg, Manitoba. The catalogue number and ISSN for the print edition appear in the PDF version. |
| 546 | |a(Résumé en français) |
| 590 | |a13-23-Supp|b2013-10-08 |
| 720 | 1 |aBabaluk, J. A. |
| 830 | #0|aCanadian data report of fisheries and aquatic sciences ;|vNo. 1197|w(CaOODSP)9.505124 |
| 856 | 40|ahttp://publications.gc.ca|qPDF|s13,863 KB|uhttps://publications.gc.ca/collections/collection_2013/mpo-dfo/Fs97-13-1197-eng.pdf|yNo. 1197 |